000 00692cam a22002417a 4500
003 CHAP
005 20220329134539.0
008 971013s r 00010 d
010 _a21992
011 _a22964
035 _a27059
040 _cCHAP
090 _aMP-19
100 0 0 _aCoastal Plain Branch Station.
_924133
245 1 0 _aCucumber spacing and nitrogen requirements
500 _aSobretiro de: Mississipi Agric. Expt. Sta. Annual Report. 68. 1955 84 p.
590 _aBATCH-UPD
_b10
_c20130110
_lUCH01
_h2148
590 _aCONVERSION
_b10
_c20130109
_lUCH01
_h1313
650 1 4 _aPepino.
_986895
901 _aBK
942 _cMP
949 _aMP-19
_bBC
_cMP
_d-62503
_eMP
_i27059
_si
999 _c21992
_d21992